| 000 | 00782nam a2200217 4500 | ||
|---|---|---|---|
| 001 | 136012 | ||
| 003 | ES-MaACL | ||
| 005 | 20230906195020.0 | ||
| 007 | t| | ||
| 008 | 070214s1970 sp r ||||1| spa d | ||
| 100 | 1 |
_aRuiz de Larramendi, Carlos. _9100757 |
|
| 245 | 1 | 0 |
_aOtros tres casos famosos / _cCarlos Ruiz de Larramendi. |
| 250 | _a1ª ed. | ||
| 260 |
_aBarcelona : _bAura, _c1970. |
||
| 300 |
_a139 p. ; _c20 cm. |
||
| 500 | _aContiene: Lo que nunca se ha escrito ; Un asunto criminal que se tramitó por lo civil ; La asociación de trabucaires de Perpignan. | ||
| 740 | 0 | _aLo que nunca se ha escrito. | |
| 740 | 0 | _aUn asunto criminal que se tramitó por lo civil. | |
| 740 | 0 | _aLa asociación de trabucaires de Perpignan. | |
| 852 |
_aES-MaACL _jC-45835 _bR.76516 |
||
| 999 |
_c136012 _d136012 |
||